Pla de concertació : xarxa Barcelona Municipis de qualitat, 2008-2011 : protocol general : recull normatiu 1 xarxa Barcelona Municipis de qualitat, 2008-2011 :
Publicado:
Barcelona :
Diputació de Barcelona. Àrea de Presidència. Coordinació de Concentració i Assistència Local. Servei de Govern Local, [s.a.]
Descripción Física:
25 p. ; 29 cm
MARC
| LEADER | 00000nam a2200000Ia 4500 | ||
|---|---|---|---|
| 001 | 23784 | ||
| 008 | 160829s9999 xx 000 0 cat d | ||
| 080 | |a FU-60-35 | ||
| 245 | |a Pla de concertació : |b xarxa Barcelona Municipis de qualitat, 2008-2011 : |b protocol general : |b recull normatiu 1 | ||
| 260 | |a Barcelona : |b Diputació de Barcelona. Àrea de Presidència. Coordinació de Concentració i Assistència Local. Servei de Govern Local, [s.a.] | ||
| 300 | |a 25 p. ; |c 29 cm | ||
| 610 | 1 | 0 | |a Barcelona (Catalunya : Província). |b Diputació |v Planificació |9 52706 |
| 650 | |a Serveis municipals |x Barcelona (Província) |x Planificació |9 49239 | ||
| 710 | |a Barcelona (Catalunya : Província). |b Servei de Govern Local |9 12081 | ||
| 901 | |a Arxiu | ||
| 942 | |n 1 | ||
| 952 | |0 0 |1 0 |4 0 |6 FU6035 |7 1 |9 55907 |a Arxiu |b Arxiu |d 2016-12-01 |l 0 |o FU-60-35 |p 23784 |r 2016-12-01 00:00:00 |w 2016-12-01 |y ARXIU | ||
| 999 | |c 59780 |d 59780 | ||